|
|
|
|
| LEADER |
00000nam0a2200000 4500 |
| 001 |
218717 |
| 005 |
20231101230220.0 |
| 010 |
|
|
|a 9785991620819
|
| 035 |
|
|
|a (RuTPU)RU\TPU\book\238747
|
| 090 |
|
|
|a 218717
|
| 100 |
|
|
|a 20120625d2013 m y0rusy50 ca
|
| 101 |
0 |
|
|a rus
|
| 102 |
|
|
|a RU
|
| 105 |
|
|
|a a j 001zy
|
| 200 |
1 |
|
|a Экономика природопользования
|e учебник для бакалавров
|f В. Г. Глушкова, С. В. Макар
|g Финансовый университет при Правительстве Российской Федерации
|
| 205 |
|
|
|a 2-е изд., перераб. и доп.
|
| 210 |
|
|
|a Москва
|c Юрайт
|d 2013
|
| 215 |
|
|
|a 588 с.
|c ил.
|
| 225 |
1 |
|
|a Бакалавр. Базовый курс
|
| 320 |
|
|
|a Библиогр.: с. 584-588.
|
| 330 |
|
|
|a Изложены теоретические основы экономики природопользования, рассмотрены аспекты эколого-экономического развития России: дана оценка ее природно-ресурсного потенциала, представлен механизм управления природопользованием, а также описаны отраслевые и региональные проблемы в связи с особенностями территориальной организации хозяйства и населения. Проведено обобщение мирового и отечественного опыта в области экономической оценки природных ресурсов. Значительное внимание уделено международным экономическим отношениям в сфере природопользования и охраны окружающей среды. Главная особенность издания — системный подход к эколого-экономическому взаимодействию, исследование проблем использования природных ресурсов и охраны окружающей среды с микро- и макроэкономических точек зрения. Соответствует Федеральному государственному образовательному стандарту высшего профессионального образования третьего поколения.
|
| 452 |
|
1 |
|0 (RuTPU)RU\TPU\book\280955
|y 978-5-9916-2081-9
|t Экономика природопользования
|o учебник для бакалавров
|f В. Г. Глушкова, С. В. Макар
|g Финансовый университет при Правительстве Российской Федерации
|e 2-е изд., перераб. и доп.
|c Москва
|n Юрайт
|d 2013
|p 1 Мультимедиа CD-ROM
|s Бакалавр. Базовый курс
|a Глушкова, Вера Георгиевна
|
| 606 |
1 |
|
|a Природопользование
|x Экономика
|2 stltpush
|3 (RuTPU)RU\TPU\subj\36722
|9 58005
|
| 610 |
1 |
|
|a экологические основы
|
| 610 |
1 |
|
|a методология
|
| 610 |
1 |
|
|a философские вопросы
|
| 610 |
1 |
|
|a экономическая история
|
| 610 |
1 |
|
|a экономическое развитие
|
| 610 |
1 |
|
|a концепции
|
| 610 |
1 |
|
|a природные ресурсы
|
| 610 |
1 |
|
|a экономическая оценка
|
| 610 |
1 |
|
|a окружающая среда
|
| 610 |
1 |
|
|a воспроизводство
|
| 610 |
1 |
|
|a загрязнение
|
| 610 |
1 |
|
|a природоохранная деятельность
|
| 610 |
1 |
|
|a управление
|
| 610 |
1 |
|
|a экологическая политика
|
| 610 |
1 |
|
|a экологический контроль
|
| 610 |
1 |
|
|a экологическая безопасность
|
| 610 |
1 |
|
|a мировое хозяйство
|
| 610 |
1 |
|
|a международное сотрудничество
|
| 610 |
1 |
|
|a Российская Федерация
|
| 610 |
1 |
|
|a природно-ресурсный потенциал
|
| 610 |
1 |
|
|a отраслевая структура
|
| 610 |
1 |
|
|a правовые основы
|
| 610 |
1 |
|
|a информационное обеспечение
|
| 610 |
1 |
|
|a экономическое регулирование
|
| 610 |
1 |
|
|a платежи
|
| 610 |
1 |
|
|a финансирование
|
| 610 |
1 |
|
|a экологическое страхование
|
| 610 |
1 |
|
|a экологический аудит
|
| 610 |
1 |
|
|a региональная экономика
|
| 610 |
1 |
|
|a региональная экология
|
| 610 |
1 |
|
|a промышленность
|
| 610 |
1 |
|
|a сельское хозяйство
|
| 610 |
1 |
|
|a транспорт
|
| 610 |
1 |
|
|a чрезвычайные ситуации
|
| 610 |
1 |
|
|a ЖКХ
|
| 610 |
1 |
|
|a вооруженные силы
|
| 610 |
1 |
|
|a экологический мененджмент
|
| 610 |
1 |
|
|a экологический паспорт
|
| 610 |
1 |
|
|a федеральные округа
|
| 610 |
1 |
|
|a учебники
|
| 686 |
|
|
|a У9(2)28я73
|v LBC/SL-A
|2 rubbk
|
| 700 |
|
1 |
|a Глушкова
|b В. Г.
|g Вера Георгиевна
|
| 701 |
|
1 |
|a Макар
|b С. В.
|g Светланв Владимировна
|
| 712 |
0 |
2 |
|a Финансовый университет при Правительстве Российской Федерации
|c (Москва)
|c (2010- )
|2 stltpush
|3 (RuTPU)RU\TPU\col\17114
|9 26530
|
| 801 |
|
1 |
|a RU
|b 63413507
|c 20120625
|
| 801 |
|
2 |
|a RU
|b 63413507
|c 20211008
|g RCR
|
| 900 |
|
|
|a Экономика природопользования
|
| 942 |
|
|
|c BK
|
| 951 |
|
|
|b 080100
|
| 959 |
|
|
|a 59/20120417
|d 5
|e 329,00
|f ЧЗТЛ:1
|f АНЛ:1
|f УФ:3
|